000
00264nam a2200109Ia 4500
008
190912s9999||||xx |||||||||||||| ||und||
100
_a
Peter. Drucker
245
0
_a
Innovation And Entrepreneurship
260
_a
India
_b
Prentice
_c
1999
300
_a
258
942
_c
BK
999
_c
7138
_d
7138